Statistics for Seas of the World (hard)

Click here to take the quiz!

General Stats

  • This quiz has been taken 197 times
  • The average score is 88 of 208

Answers on the Map

Answers color-coded by a green-red scale on the quiz's map according to % correct below.
 

Answer Stats

Body of Water% Correct
Pacific Ocean
94%
Atlantic Ocean
93%
Indian Ocean
93%
Black Sea
91%
Arctic Ocean
90%
Red Sea
90%
Sea of Japan
90%
Caribbean Sea
88%
Mediterranean Sea
88%
North Sea
88%
Aegean Sea
87%
Gulf of Mexico
85%
Tasman Sea
85%
Baltic Sea
84%
Bering Sea
84%
Caspian Sea
84%
Persian Gulf
84%
South China Sea
84%
Adriatic Sea
82%
Arabian Sea
81%
Bay of Biscay
81%
Bay of Bengal
79%
Gulf of California
79%
Gulf of Guinea
79%
Hudson Bay
79%
Hudson Strait
79%
Irish Sea
79%
Philippine Sea
79%
East China Sea
78%
Norwegian Sea
78%
Baffin Bay
73%
Coral Sea
73%
Greenland Sea
73%
Java Sea
73%
White Sea
73%
Sea of Azov
72%
Gulf of Aden
70%
Gulf of Alaska
70%
Gulf of Oman
70%
Ionian Sea
70%
Mozambique Channel
70%
Timor Sea
70%
Andaman Sea
69%
Yellow Sea
69%
Celebes Sea
67%
Gulf of Panama
67%
Gulf of Suez
67%
Gulf of Thailand
67%
Labrador Sea
67%
Sea of Okhotsk
67%
Balearic Sea
66%
Celtic Sea
66%
Gulf of St. Lawrence
66%
Tyrrhenian Sea
66%
Barents Sea
64%
Solomon Sea
64%
Strait of Malacca
64%
English Channel
63%
Great Australian Bight
63%
Gulf of Finland
63%
Ligurian Sea
63%
Arafura Sea
61%
Beaufort Sea
61%
Cook Inlet
61%
Cook Strait
61%
East Siberian Sea
60%
Kara Sea
60%
Laccadive Sea
60%
Sea of Marmara
60%
Bay of Fundy
58%
Gulf of Riga
58%
Río de la Plata
58%
Southern Ocean
58%
Alboran Sea
57%
Bismarck Sea
57%
Chukchi Sea
57%
Davis Sea
57%
Davis Strait
57%
Gulf of Bothnia
57%
Gulf of Tonkin
57%
San Francisco Bay
57%
Laptev Sea
55%
Molukka Sea
55%
Banda Sea
54%
Gulf of Maine
54%
Sulu Sea
54%
Bass Strait
52%
Gulf of Carpentaria
52%
{Northwestern}
Passages
52%
Kattegat
51%
Salish Sea
51%
Flores Sea
49%
Gulf of Aqaba
49%
San Francisco Bay
49%
Skagerrak
49%
Sea of Sardinia
48%
Tokyo Bay
48%
Korea Bay
46%
Ross Sea
46%
Sea of Crete
46%
Ceram Sea
42%
Pechora Sea
42%
Savu Sea
40%
Strait of Makassar
40%
Halmahera Sea
39%
Amundsen Gulf
37%
Amundsen Sea
37%
Gulf of Anadyr
37%
Gulf of Boni
37%
Lake Maracaibo
37%
Chesapeake Bay
36%
Gulf of Tomini
36%
Weddell Sea
34%
Florida Bay
33%
Strait of Sicily
33%
Bohai Bay
31%
Bohai Sea
31%
Sea of Aland
31%
Argentine Sea
30%
Gulf of Venice
30%
Bay of Bangkok
28%
Bight of Benin
27%
Chilean Sea
27%
Gulf of Genoa
27%
Gulf of Honduras
27%
Sea of the Hebrides
27%
Delaware Bay
25%
James Bay
25%
Norton Sound
25%
Wadden Sea
25%
Gdansk Bay
24%
Gulf of Venezuela
24%
Cantabrian Sea
22%
Gulf of Lion
22%
Palk Strait
22%
Bay of Campeche
21%
Gulf of Taranto
21%
Bellingshausen sea
19%
Gulf of Antalya
19%
Gulf of Cadiz
19%
Lazarev Sea
19%
Mawson Sea
19%
Bohol Sea
18%
Bristol Bay
18%
Gulf of Gabes
18%
Gulf of Sidra
18%
Mosquito Gulf
18%
Sea of Chiloe
18%
Sibuyan Sea
18%
Somov Sea
18%
Visayan Sea
18%
Archipelago Sea
16%
Cooperation Sea
16%
Cosmonauts Sea
16%
Gulf of Guayaquil
16%
Riiser-Larsen Sea
16%
Thracian Sea
16%
Ungava Bay
16%
West Philippine Sea
16%
Bight of Biafra
15%
Gulf of Burgas
15%
Kvarner Gulf
15%
Bay of Gods Mercy
13%
Bay of Plenty
13%
Bothnian Sea
13%
D'Urville Sea
13%
Gulf of Darien
13%
Gulf of Valencia
13%
Icarian Sea
13%
Wandel Sea
13%
Bay of Kiel
12%
Curonian Lagoon
12%
Foxe Basin
12%
Gulf of Paria
12%
Kvarken
12%
Mar de Grau
12%
Native Bay
12%
Neva Bay
12%
Peter the Great Gulf
12%
Prince Gustaf Adolf Sea
12%
Queen Victoria Sea
12%
San Matias Gulf
12%
Shelikhov Gulf
12%
Taganrog Bay
12%
Bowman Bay
10%
Frobisher Bay
10%
Gulf of Fonseca
10%
Gulf of Gonave
10%
Gulf of the Farallones
10%
Irminger Sea
10%
Liaodong Bay
10%
Myrtoan Sea
10%
Parry Channel
10%
Prince William Sound
10%
Toyama Bay
10%
Bay of Arguin
9%
Bay of Greifswald
9%
Cumberland Sound
9%
Gulf of Nicoya
9%
Hawkes Bay
9%
Iroise Sea
9%
Kalamita Bay
9%
Karkinit Bay
9%
Laizhou Bay
9%
Thermaic Gulf
9%
Vainameri Sea
9%
Viscount Melville Sound
9%
Wager Bay
7%

Score Distribution

Percentile by Number Answered

Percent of People with Each Score

Your Score History

You have not taken this quiz